00712nam a2200205 4500999001900000005001700019010001500036020002700051035001400078037001300092082001100105100002300116245004200139260003500181270006500216300002500281500005000306942002500356952012500381 c171913d17191320200821114344.0 aENG-127527 c1395.00a9789382730668 aEN-111059 bDBAD/PUB a616.96 aGoswami,Dhanraj B. aParasitology /cby Dhanraj B. Goswami aKanpurbGarima Prakashanc2019 a1st floor, Mayur Park, Basant Vihar NaubastabKanpure208021 aviii;336p.c23cm(hb) aincludes bibliographical references and index 2ddccENh616.96mGos 001040708NFICaZLSbZLSd2020-01-23eDBAD/PUBg1395.00l0o616.96 GospEN-111059r2020-01-23 00:00:00t1v1395.00yEN